000 00436nam a2200181Ia 4500
008 230524s9999 xx 000 0 und d
020 _a8120300300
082 _a4.16
_bRAJ
100 _aV.Rajaraman
_92240
245 0 _aComputer Programming in Cobol
250 _a6TH
260 _aNEW DELHI
_bPHI
_c1997
300 _aVII;428
500 _aQuantity Number: 10
650 _aComp-Sc
700 _a H.V. Sahasrabuddhe
942 _cBK
999 _c6229
_d6229